Sant Llorenç
ISBN:
84-7782-399-5
Descripción Física:
343 pàgines : il·lustracions ; 31 cm
Materias:
Parc Natural de Sant Llorenç del Munt i l'Obac (Catalunya)
; Flora -- Parc Natural de Sant Llorenç del Munt i l'Obac (Catalunya)
; Fauna -- Parc Natural de Sant Llorenç del Munt i l'Obac (Catalunya)
Idioma:
Catalán
MARC
| LEADER | 00000nam a2200000uc 4500 | ||
|---|---|---|---|
| 001 | 92006105 | ||
| 008 | s1996||||sp ||||gr|||| ||| ||cat|d | ||
| 020 | |a 84-7782-399-5 | ||
| 040 | |a BGR |b cat | ||
| 245 | 0 | 0 | |a Sant Llorenç |
| 250 | |a Primera edició | ||
| 260 | |a Terrassa : |b Diari de Terrasa : |b Barcelona : |b Lunwerg, |c octubre del 1996 | ||
| 300 | |a 343 pàgines : |b il·lustracions ; |c 31 cm | ||
| 500 | |a A la portada: Aquesta obra ha estat possible gràcies a la col·laboració i el suport de Ajuntament de Terrassa, Diputació de Barcelona i Caixa de Terrasa | ||
| 610 | 1 | 0 | |a Parc Natural de Sant Llorenç del Munt i l'Obac (Catalunya) |9 10145 |
| 650 | 0 | |9 53676 |a Flora |z Parc Natural de Sant Llorenç del Munt i l'Obac (Catalunya) | |
| 650 | 0 | |9 53677 |a Fauna |z Parc Natural de Sant Llorenç del Munt i l'Obac (Catalunya) | |
| 710 | 1 | |a Terrassa (Catalunya). |b Ajuntament |9 51450 | |
| 710 | 1 | |a Barcelona (Catalunya : Província). |b Diputació |9 52408 | |
| 710 | 2 | |9 53678 |a Caixa de Terrassa | |
| 942 | |c ARXIU |2 udc |n 1 | ||
| 952 | |0 0 |1 0 |4 0 |6 BIB749 |7 1 |9 62599 |a Arxiu |b Arxiu |d 2022-06-30 |l 0 |o Bib-749 |p 26111 |r 2022-06-30 00:00:00 |w 2022-06-30 |y ARXIU |z Donatiu BGR | ||
| 999 | |c 18298 |d 18298 | ||